[Event "Azerbaijan Championship 2021"]
[Site "Nakhchivan"]
[Date "2021.05.09"]
[Round "6.6"]
[White "Sevdimaliyev, Urfan"]
[Black "Garayev, Kanan"]
[Result "1-0"]
[WhiteElo "2369"]
[BlackElo "2331"]
[Annotator "NA"]
[PlyCount "143"]
[EventDate "2021.05.04"]
[EventType "tourn"]
[EventCountry "AZE"]
[SourceTitle "playchess.com"]
[Source "ChessBase"]
[SourceQuality "1"]
[TimeControl "40/5400+30:1800+30"]

1. d4 {[%emt 0:00:00]} Nf6 {[%emt 0:04:18]} 2. Nf3 {[%emt 0:00:00]} d5 {[%emt 0:00:53]} 3. Bg5 {[%emt 0:00:39]} Ne4 {[%emt 0:01:46]} 4. Bh4 {[%emt 0:05:01]} Qd6 {[%emt 0:03:15]} 5. Nbd2 {[%emt 0:02:46]} Qh6 {[%emt 0:00:13]} 6. Qc1 {[%emt 0:01:18]} Nc6 {[%emt 0:09:04]} 7. c3 {[%emt 0:05:23]} Bf5 {[%emt 0:19:26]} 8. Nxe4 {[%emt 0:04:21]} Qxc1+ {[%emt 0:03:08]} 9. Rxc1 {[%emt 0:00:04]} Bxe4 {[%emt 0:00:52]} 10. e3 {[%emt 0:01:36]} f6 {[%emt 0:04:42]} 11. Nd2 {[%emt 0:19:42]} Bf5 {[%emt 0:01:31]} 12. f3 {[%emt 0:02:25]} e6 {[%emt 0:01:51]} 13. Bf2 {[%emt 0:08:20]} g5 {[%emt 0:05:23]} 14. h4 {[%emt 0:11:11]} h5 {[%emt 0:01:21]} 15. hxg5 {[%emt 0:06:30]} fxg5 {[%emt 0:00:11]} 16. g4 {[%emt 0:01:22]} Bg6 {[%emt 0:00:10]} 17. gxh5 {[%emt 0:00:42]} Bxh5 {[%emt 0:09:45]} 18. Bh3 {[%emt 0:01:23]} Bf7 {[%emt 0:03:02]} 19. e4 {[%emt 0:02:43]} Bd6 {[%emt 0:05:38]} 20. Be3 {[%emt 0:03:17]} Bf4 {[%emt 0:01:26]} 21. Bxf4 {[%emt 0:01:44]} gxf4 {[%emt 0:01:39]} 22. Kf2 {[%emt 0:00:04]} Ke7 {[%emt 0:02:50]} 23. Rce1 {[%emt 0:00:44]} Kf6 {[%emt 0:00:51]} 24. e5+ {[%emt 0:01:49]} Ke7 {[%emt 0:00:11]} 25. Bg4 {[%emt 0:01:45]} a5 {[%emt 0:04:00]} 26. Nb3 {[%emt 0:02:34]} a4 {[%emt 0:04:54]} 27. Nc5 {[%emt 0:03:34]} Na5 {[%emt 0:00:10]} 28. Rxh8 {[%emt 0:05:56]} Rxh8 {[%emt 0:00:01]} 29. Kg1 {[%emt 0:01:00]} Nc4 {[%emt 0:01:23]} 30. Nd3 {[%emt 0:00:30]} Rg8 {[%emt 0:01:51]} 31. Kf2 {[%emt 0:01:07]} Rh8 {[%emt 0:01:58]} 32. Kg1 {[%emt 0:01:41]} b6 {[%emt 0:01:36]} 33. Re2 {[%emt 0:00:50]} a3 {[%emt 0:05:11]} 34. b3 {[%emt 0:00:30]} Ne3 {[%emt 0:00:40]} 35. Nxf4 {[%emt 0:00:37]} Nxg4 {[%emt 0:00:56]} 36. fxg4 {[%emt 0:00:04]} Rg8 {[%emt 0:00:27]} 37. Rg2 {[%emt 0:00:06]} c5 {[%emt 0:00:36]} 38. g5 {[%emt 0:01:13]} cxd4 {[%emt 0:00:01]} 39. cxd4 {[%emt 0:00:07]} Bg6 {[%emt 0:01:22]} 40. Nxg6+ {[%emt 0:00:00]} Rxg6 {[%emt 0:00:00]} 41. Kf2 {[%emt 0:04:14]} Rg8 {[%emt 0:01:34]} 42. Ke3 {[%emt 0:06:02]} Kf7 {[%emt 0:11:48]} 43. Rf2+ {[%emt 0:12:32]} Kg6 {[%emt 0:00:37]} 44. Rf6+ {[%emt 0:01:27]} Kxg5 {[%emt 0:00:02]} 45. Rxe6 {[%emt 0:00:10]} Rh8 {[%emt 0:01:14]} 46. Rf6 {[%emt 0:01:09]} Rh3+ {[%emt 0:02:01]} 47. Rf3 {[%emt 0:00:34]} Rh2 {[%emt 0:02:53]} 48. Rf2 {[%emt 0:00:32]} Rh1 {[%emt 0:05:39]} 49. Kd2 {[%emt 0:00:49]} Ra1 {[%emt 0:01:11]} 50. Kc3 {[%emt 0:02:04]} Rc1+ {[%emt 0:00:59]} 51. Rc2 {[%emt 0:02:55]} Re1 {[%emt 0:02:24]} 52. Kb4 {[%emt 0:03:03]} Re4 {[%emt 0:00:14]} 53. Kxa3 {[%emt 0:03:09]} Rxd4 {[%emt 0:00:45]} 54. Rc6 {[%emt 0:00:10]} b5 {[%emt 0:00:47]} 55. Rb6 {[%emt 0:00:33]} Kf5 {[%emt 0:00:20]} 56. e6 {[%emt 0:00:29]} Re4 {[%emt 0:01:05]} 57. Rxb5 {[%emt 0:00:31]} Kxe6 {[%emt 0:00:01]} 58. Rb8 {[%emt 0:01:27]} Ke5 {[%emt 0:01:49]} 59. b4 {[%emt 0:00:17]} d4 {[%emt 0:01:11]} 60. Rd8 {[%emt 0:00:24]} Re3+ {[%emt 0:02:26]} 61. Ka4 {[%emt 0:01:16]} d3 {[%emt 0:00:03]} 62. Ka5 {[%emt 0:01:28]} Re2 {[%emt 0:02:50]} 63. Rxd3 {[%emt 0:00:30]} Rxa2+ {[%emt 0:00:01]} 64. Kb6 {[%emt 0:00:05]} Ra8 {[%emt 0:00:05]} 65. b5 {[%emt 0:00:07]} Rb8+ {[%emt 0:00:22]} 66. Kc6 {[%emt 0:00:03]} Rc8+ {[%emt 0:00:10]} 67. Kb7 {[%emt 0:00:06]} Rc1 {[%emt 0:00:11]} 68. b6 {[%emt 0:00:04]} Ke6 {[%emt 0:00:07]} 69. Ka8 {[%emt 0:00:08]} Rb1 {[%emt 0:00:08]} 70. b7 {[%emt 0:00:05]} Ra1+ {[%emt 0:00:02]} 71. Kb8 {[%emt 0:00:03]} Ra2 {[%emt 0:00:25]} 72. Rd4 {[%emt 0:00:07]} 1-0

[Event "Azerbaijan Championship 2021"]
[Site "Nakhchivan"]
[Date "2021.05.10"]
[Round "7.1"]
[White "Muradli, Mahammad"]
[Black "Mamedov, Nidjat"]
[Result "0-1"]
[WhiteElo "2449"]
[BlackElo "2609"]
[Annotator "TA"]
[PlyCount "106"]
[EventDate "2021.05.04"]
[EventType "tourn"]
[EventCountry "AZE"]
[SourceTitle "playchess.com"]
[Source "ChessBase"]
[SourceQuality "1"]

{[%evp 13,106,19,17,2,22,0,0,0,5,0,15,0,2,0,0,0,0,-6,14,18,33,7,7,0,0,0,0,-59,-56,-75,-48,-84,-55,-46,-44,-77,-18,-37,-28,-27,0,-41,-8,-69,-63,-58,-60,-59,-66,-55,-37,-37,-37,-37,-35,-32,-37,-35,-34,-52,-37,-78,-40,-204,-186,-197,-176,-193,-172,-211,-211,-211,-210,-198,-195,-219,-206,-275,-275,-305,-299,-395,-241,-577,-431,-871,-847,-2060,-1810,-1872,-1752,-5321,-5314,-5406,-911]} 1. d4 Nf6 2. c4 g6 3. Nc3 d5 4. Bg5 Ne4 5. Bh4 Nxc3 6. bxc3 dxc4 7. e3 Be6 8. Be2 {D80: Grünfeld: Unusual White 4th moves and 4 Bg5.} Bg7 9. Nh3 {9.Nf3 is not played anymore.} Bxh3 10. gxh3 {The position is equal.} Nd7 11. Bxc4 O-O 12. O-O Nb6 13. Bb3 Nc8 14. Qf3 Nd6 15. Bg3 Qd7 16. h4 {[#]} a5 $146 {[%cal Ba7a5,Ba5a4][%mdl 32]} ({Predecessor:} 16... Kh8 17. h5 g5 18. e4 f5 19. exf5 Qxf5 20. Qe2 Ne4 21. Rae1 Nxc3 22. Qxe7 Nd5 23. Bxd5 Qxd5 {½-½ (56) Tomashevsky,E (2758)-Vachier Lagrave,M (2758) Baku 2015}) 17. h5 a4 18. Bc2 Ra5 19. hxg6 hxg6 20. e4 (20. Rfd1 $11) 20... e5 $15 21. Rfe1 Re8 22. Rad1 Qc6 23. d5 Qc4 24. Bb1 Rc5 (24... Nb5 $1 $17 25. Bh4 Bh6) 25. h4 Qxc3 26. Qg4 Nc4 27. Rc1 Qb2 {aiming for ...Ne3!} 28. Rc2 ({White should play} 28. Rcd1 $11) 28... Qb4 29. Rd1 Nb2 30. Rf1 Rxc2 31. Bxc2 Qc5 32. Bb1 Nc4 33. Kg2 Nd2 34. Rd1 Nxb1 35. Rxb1 b5 {[%cal Bb7b5,Bb5b4][%mdl 32]} 36. Rh1 b4 37. h5 Qd6 38. Rc1 $2 {This costs White the game.} ({White should try} 38. hxg6 $15 Qxg6 39. Kf3) 38... gxh5 $1 $19 39. Qxh5 {[#]} b3 $1 {[%cal Rb3b2] Hoping for ...b2.} 40. axb3 axb3 41. Qf3 Rb8 42. Rb1 b2 43. Qg4 Kf8 44. Qf5 Qe7 45. Kh2 Qf6 {And now ...Qxf5 would win.} 46. Qd7 Qd6 47. Qh3 Kg8 48. Kg2 $2 (48. Qg4) 48... Qg6 {Black is clearly winning.} 49. f3 (49. Qf5 $142 Qxf5 50. exf5) 49... Qa6 50. Qg4 Qe2+ 51. Kh3 {[#]} Rb6 $1 52. Qc8+ Bf8 {( -> ...Rh6+)} 53. Rg1 Qxf3 {Weighted Error Value: White=0.60/Black=0.13} (53... Rh6+ $142 54. Bh4+ Rg6 55. Rxg6+ fxg6) 0-1

[Event "Azerbaijan Championship 2021"]
[Site "Nakhchivan"]
[Date "2021.05.10"]
[Round "7.2"]
[White "Iskandarov, Misratdin"]
[Black "Asadli, Vugar"]
[Result "1/2-1/2"]
[WhiteElo "2535"]
[BlackElo "2572"]
[Annotator "ChessBase"]
[PlyCount "73"]
[EventDate "2021.05.04"]
[EventType "tourn"]
[EventCountry "AZE"]
[SourceTitle "playchess.com"]
[Source "ChessBase"]
[SourceQuality "1"]
[TimeControl "40/5400+30:1800+30"]

1. e4 {[%emt 0:00:00]} c6 {[%emt 0:00:00]} 2. Nc3 {[%emt 0:00:00]} d5 {[%emt 0:00:08]} 3. Nf3 {[%emt 0:00:58]} dxe4 {[%emt 0:00:34]} 4. Nxe4 {[%emt 0:00:07]} Nf6 {[%emt 0:00:11]} 5. Nxf6+ {[%emt 0:01:42]} exf6 {[%emt 0:00:41]} 6. d4 {[%emt 0:00:05]} Bd6 {[%emt 0:02:18]} 7. Bd3 {[%emt 0:00:10]} O-O {[%emt 0:01:49]} 8. O-O {[%emt 0:00:45]} Na6 {[%emt 0:03:04]} 9. c3 {[%emt 0:02:31]} Bg4 {[%emt 0:07:38]} 10. h3 {[%emt 0:00:12]} Bh5 {[%emt 0:00:32]} 11. Be4 {[%emt 0:00:14]} Re8 {[%emt 0:04:56]} 12. Qd3 {[%emt 0:03:56]} Bg6 {[%emt 0:01:34]} 13. Bxg6 {[%emt 0:00:08]} hxg6 {[%emt 0:00:07]} 14. b4 {[%emt 0:02:26]} Nc7 {[%emt 0:08:04]} 15. a4 {[%emt 0:08:15]} Qd7 {[%emt 0:01:44]} 16. Bd2 {[%emt 0:00:54]} a6 {[%emt 0:08:48]} 17. c4 {[%emt 0:05:41]} Rad8 {[%emt 0:02:25]} 18. a5 {[%emt 0:18:11]} g5 {[%emt 0:07:33]} 19. Rfe1 {[%emt 0:02:36]} g4 {[%emt 0:00:14]} 20. hxg4 {[%emt 0:00:07]} Qxg4 {[%emt 0:00:03]} 21. Rxe8+ {[%emt 0:00:19]} Rxe8 {[%emt 0:00:03]} 22. Re1 {[%emt 0:01:06]} Rxe1+ {[%emt 0:02:33]} 23. Bxe1 {[%emt 0:03:35]} Ne6 {[%emt 0:00:55]} 24. Bd2 {[%emt 0:00:37]} f5 {[%emt 0:00:47]} 25. d5 {[%emt 0:21:32]} Qe4 {[%emt 0:05:23]} 26. Qxe4 {[%emt 0:01:24]} fxe4 {[%emt 0:00:25]} 27. dxe6 {[%emt 0:00:35]} exf3 {[%emt 0:00:08]} 28. exf7+ {[%emt 0:06:11]} Kxf7 {[%emt 0:00:04]} 29. gxf3 {[%emt 0:00:09]} Ke6 {[%emt 0:00:05]} 30. Kf1 {[%emt 0:00:06]} Kf5 {[%emt 0:00:07]} 31. Ke2 {[%emt 0:00:05]} Be7 {[%emt 0:00:06]} 32. Bc3 {[%emt 0:00:13]} g6 {[%emt 0:00:04]} 33. Bd2 {[%emt 0:00:10]} Bd6 {[%emt 0:00:04]} 34. Bc3 {[%emt 0:00:06]} Be7 {[%emt 0:00:03]} 35. Bd2 {[%emt 0:00:07]} Bd6 {[%emt 0:00:05]} 36. Bc3 {[%emt 0:00:05]} Be7 {[%emt 0:00:09]} 37. Bd2 {[%emt 0:01:10]} 1/2-1/2

[Event "Azerbaijan Championship 2021"]
[Site "Nakhchivan"]
[Date "2021.05.10"]
[Round "7.4"]
[White "Gadimbayli, Abdulla"]
[Black "Abasov, Nijat"]
[Result "1/2-1/2"]
[WhiteElo "2470"]
[BlackElo "2665"]
[Annotator "TA"]
[PlyCount "91"]
[EventDate "2021.05.04"]
[EventType "tourn"]
[EventCountry "AZE"]
[SourceTitle "playchess.com"]
[Source "ChessBase"]
[SourceQuality "1"]

{[%evp 11,91,27,29,-10,0,-1,61,52,56,52,56,56,52,59,58,63,47,48,73,70,82,78,76,70,68,48,39,47,50,46,54,33,42,41,58,53,130,141,182,164,148,181,163,147,193,100,93,27,42,35,33,35,23,27,33,0,6,8,61,51,54,54,54,54,55,54,55,55,59,61,47,13,13,8,8,0,0,0,0,0,0,0]} 1. e4 c6 2. d4 d5 3. exd5 cxd5 4. Bd3 Nc6 5. c3 g6 6. Bf4 Bf5 $1 {[%mdl 4] is now more promising than 6...Bg7.} 7. Be2 {B13: Caro-Kann: Exchange Variation and Panov-Botvinnik Attack.} e6 {[#]} 8. Qb3 $146 ({Predecessor:} 8. Nf3 Bd6 9. Bxd6 Qxd6 10. O-O Nf6 11. Na3 h5 12. Nc2 Ng4 13. h3 Be4 14. g3 h4 15. hxg4 hxg3 16. Ne3 g2 17. Nxg2 Bxf3 {0-1 (17) Drygalov,A (2493)-Dragun,K (2569) chess24.com INT 2021}) 8... Bd6 (8... Qd7 $11) 9. Bxd6 $1 $14 {White is slightly better.} ({Much worse is} 9. Qxb7 Bxf4 10. Qxc6+ Kf8 $15) 9... Qxd6 10. Na3 $1 {Hoping for g4.} Nf6 11. Qxb7 Rb8 {[%cal Rb8b7] [#]} 12. Nb5 $1 {[%mdl 64] Double Attack} Qd7 13. Qxd7+ Kxd7 14. b3 Rhc8 15. f3 h5 16. Kd2 g5 17. Na3 g4 18. Bb5 h4 19. h3 gxf3 20. Nxf3 Kd6 21. Bxc6 Ne4+ 22. Ke3 Nxc3 23. Nxh4 Bh7 {[#]} ({Better is} 23... Rxc6 $14 24. Nxf5+ exf5) 24. Rhf1 $1 $16 {[%cal Rf1f7]} f5 {[#]} (24... Bg8 25. Bxd5) 25. Bb5 Nxb5 26. Nxb5+ Rxb5 27. Rac1 Rg8 28. Rf2 (28. Rc3 $18) 28... Rb4 29. Nf3 (29. g4 $16) 29... f4+ $1 $11 {[%mdl 64] Decoy} 30. Kxf4 {g4 is the strong threat.} e5+ $1 31. Ke3 exd4+ 32. Kd2 Be4 33. Nh4 Rb7 34. Rf6+ Ke7 (34... Ke5 $11 35. Rcc6 Rb6) 35. Rcc6 $14 {aiming for g4.} Rg3 36. Ng6+ Kd7 $1 37. Nf4 Rc7 38. Rxc7+ Kxc7 {[%mdl 4096] Endgame KRB-KRN} 39. h4 Kd7 40. h5 {Threatens to win with h6.} Ke7 41. Re6+ (41. h6 {with more complications.} Rxg2+ 42. Nxg2 Kxf6 43. Nf4 Kg5 44. Nxd5 Kxh6 45. Nc7) 41... Kf7 {And now ...Rg4 would win.The position is equal.} 42. Rd6 Rg4 43. Nxd5 Rxg2+ 44. Ke1 Rg1+ 45. Kf2 Rg2+ 46. Ke1 {White really could win this.  Weighted Error Value: White=0.09/Black=0.13} 1/2-1/2

[Event "Azerbaijan Championship 2021"]
[Site "Nakhchivan"]
[Date "2021.05.10"]
[Round "7.5"]
[White "Garayev, Kanan"]
[Black "Suleymanli, Aydin"]
[Result "1/2-1/2"]
[WhiteElo "2331"]
[BlackElo "2520"]
[Annotator "TA"]
[PlyCount "51"]
[EventDate "2021.05.04"]
[EventType "tourn"]
[EventCountry "AZE"]
[SourceTitle "playchess.com"]
[Source "ChessBase"]
[SourceQuality "1"]

{[%evp 21,51,21,8,0,0,0,31,27,35,27,52,60,73,52,59,39,41,43,31,37,42,43,35,16,12,15,22,0,19,0,28,0]} 1. d4 d5 2. c4 e6 3. g3 Nf6 4. Bg2 Be7 5. Nf3 O-O 6. O-O dxc4 7. Qc2 a6 8. a4 Bd7 9. Qxc4 Bc6 10. Bf4 a5 11. Nc3 Na6 12. Ne5 {E05: Open Catalan: 5 Nf3 Be7.} Bxg2 13. Kxg2 c6 14. e4 {White is slightly better.} Nb4 15. Rfd1 Qb6 16. Qe2 Rac8 17. Nc4 Qa6 {[#]} 18. Bd6 $146 (18. Rac1 {seems wilder.} b6 19. b3 Rfd8 20. g4 Ne8 21. g5) ({Predecessor:} 18. Rd2 Rfd8 19. Rad1 Ne8 20. h4 Nd6 21. b3 h6 22. Bxd6 Bxd6 23. d5 exd5 24. exd5 Bf8 25. d6 b5 26. d7 Rc7 27. Ne5 bxa4 28. Qh5 g6 29. Qf3 {1-0 (29) Bachmann,A (2598)-Karthik,V (2250) Dubai 2014}) 18... Bxd6 19. Nxd6 Qxe2 20. Nxe2 Rc7 21. e5 Nfd5 22. Rac1 Na2 23. Rc2 Nab4 24. Rcc1 Na2 25. Rc2 Nab4 26. Rcc1 {Weighted Error Value: White=0.11/Black=0.06} 1/2-1/2

[Event "Azerbaijan Championship 2021"]
[Site "Nakhchivan"]
[Date "2021.05.10"]
[Round "7.6"]
[White "Abbasov, Farid"]
[Black "Sevdimaliyev, Urfan"]
[Result "1-0"]
[WhiteElo "2528"]
[BlackElo "2369"]
[Annotator "ChessBase"]
[PlyCount "55"]
[EventDate "2021.05.04"]
[EventType "tourn"]
[EventCountry "AZE"]
[SourceTitle "playchess.com"]
[Source "ChessBase"]
[SourceQuality "1"]
[TimeControl "40/5400+30:1800+30"]

1. c4 {[%emt 0:01:03]} e6 {[%emt 0:00:00]} 2. d4 {[%emt 0:00:08]} Nf6 {[%emt 0:00:23]} 3. g3 {[%emt 0:00:10]} d5 {[%emt 0:00:16]} 4. Bg2 {[%emt 0:00:05]} dxc4 {[%emt 0:01:00]} 5. Nf3 {[%emt 0:03:12]} a6 {[%emt 0:00:55]} 6. O-O {[%emt 0:00:20]} Nc6 {[%emt 0:00:28]} 7. e3 {[%emt 0:00:07]} Rb8 {[%emt 0:00:45]} 8. Qe2 {[%emt 0:00:46]} b5 {[%emt 0:02:03]} 9. b3 {[%emt 0:00:02]} cxb3 {[%emt 0:01:52]} 10. axb3 {[%emt 0:00:02]} Be7 {[%emt 0:05:04]} 11. Bb2 {[%emt 0:00:40]} Bb7 {[%emt 0:03:56]} 12. Rd1 {[%emt 0:23:35]} Nb4 {[%emt 0:03:40]} 13. Bc3 {[%emt 0:09:48]} O-O {[%emt 0:07:09]} 14. Ne5 {[%emt 0:04:02]} Bxg2 {[%emt 0:14:47]} 15. Kxg2 {[%emt 0:00:17]} Qd5+ {[%emt 0:02:52]} 16. f3 {[%emt 0:01:46]} Qb7 {[%emt 0:14:05]} 17. Bxb4 {[%emt 0:04:48]} Bxb4 {[%emt 0:00:02]} 18. Rc1 {[%emt 0:00:01]} c5 {[%emt 0:05:26]} 19. Nd3 {[%emt 0:11:11]} a5 {[%emt 0:06:50]} 20. dxc5 {[%emt 0:12:01]} Rfc8 {[%emt 0:07:35]} 21. Ra2 {[%emt 0:01:37]} Qd5 {[%emt 0:06:47]} 22. e4 {[%emt 0:03:59]} Qd4 {[%emt 0:01:39]} 23. Rac2 {[%emt 0:00:56]} Rc6 {[%emt 0:00:57]} 24. Rd1 {[%emt 0:00:49]} g5 {[%emt 0:04:59]} 25. Nxb4 {[%emt 0:01:37]} Qxb4 {[%emt 0:00:09]} 26. Qe3 {[%emt 0:00:02]} h6 {[%emt 0:00:25]} 27. Rd4 {[%emt 0:00:18]} Rxc5 {[%emt 0:01:09]} 28. Rxc5 {[%emt 0:00:07]} 1-0

[Event "Azerbaijan Championship 2021"]
[Site "Nakhchivan"]
[Date "2021.05.11"]
[Round "8.1"]
[White "Mamedov, Nidjat"]
[Black "Durarbayli, Vasif"]
[Result "0-1"]
[WhiteElo "2609"]
[BlackElo "2606"]
[Annotator "TA"]
[PlyCount "82"]
[EventDate "2021.05.04"]
[EventType "tourn"]
[EventCountry "AZE"]
[SourceTitle "playchess.com"]
[Source "ChessBase"]
[SourceQuality "1"]

{[%evp 23,82,17,22,0,0,0,0,0,0,0,0,0,0,0,0,0,0,0,0,0,0,0,17,8,165,172,153,164,257,244,255,257,240,233,237,78,88,65,66,60,83,60,95,54,108,116,109,102,134,0,281,0,0,0,0,0,0,-29983,-29983,-29983,-29983]} 1. e4 c5 2. Nf3 d6 3. d4 cxd4 4. Nxd4 Nf6 5. Nc3 a6 6. Be3 e5 7. Nb3 Be7 8. f3 Be6 9. Qd2 O-O 10. O-O-O Nbd7 11. g4 b5 12. g5 Nh5 $1 {[%mdl 4] is currently scoring better than 12...b4.} 13. Rg1 {B90: Sicilian Najdorf: Unusual White 6th moves, 6 Be3 Ng4 and 6 Be3 e5.} Nb6 14. Qf2 Nc4 15. Bxc4 {The position is equal.} bxc4 16. Nc5 Qc7 17. N5a4 Rab8 18. Nb6 Bd8 {[%cal Rb8b6]} 19. Ncd5 Qc6 {[#] Strongly threatening ...Rb7.} 20. Qe2 $146 {[%mdl 2048] White has good play.} ({Predecessor:} 20. Qf1 Nf4 21. Bxf4 Rxb6 22. Nxb6 Bxb6 23. Bd2 Qa4 24. Kb1 Bd4 25. c3 Rb8 26. Ka1 {0-1 (48) Garus,E (2040)-Semmelroth,H (2093) GER email 2012}) 20... c3 21. b3 Rxb6 {[%mdl 64] [#] Remove Defender} 22. Bxb6 Nf4 23. Nxf4 Bxb6 (23... Qxb6 $11 {and Black is okay.} 24. Nd3 (24. Nxe6 Qa5 $11) 24... Qa5) 24. Nd5 $18 Bxd5 25. exd5 Qc5 (25... Qc8 {was worth a try.}) 26. Qxa6 Ba5 27. Rde1 (27. Kb1 $2 {gets mated.} Qa3 28. h4 Qb2#) 27... Qa3+ 28. Kd1 Qxa2 {[#] next ...Qb1+ is good for Black.} 29. Qd3 $2 (29. Rg2 $1 $18) 29... Bb6 $16 30. Rg4 {Ra4 is the strong threat.} Bf2 {( -> ...Qb1+)} 31. Rf1 Bd4 32. f4 g6 33. f5 Qa8 (33... Qa5 $1 $14) 34. fxg6 hxg6 35. Rf6 {Threatening mate with Rxg6+!} Kg7 36. Rxd6 (36. Rh4 $16 {Hoping for Rh6.} Qxd5 37. Qe4 Qxe4 38. Rxe4) 36... Qa1+ $11 37. Ke2 {And now Rf6 would win.} Qh1 $1 {[%cal Rh1h2]} 38. Qf3 Qc1 39. Qd3 {Black must now prevent Rf6.} Ra8 (39... Rh8 $5 40. h4 $8 Ra8 41. Rxd4 Ra2 $17) 40. Kf3 $2 {[%mdl 8192]} (40. Rxd4 $11 exd4 41. Qxd4+ Kg8 42. Qe4) 40... Qh1+ ({Weaker is} 40... Rh8 41. h4 $11) 41. Rg2 Rh8 {Black used his chance.  Weighted Error Value: White=0.44/Black=0.12} 0-1

[Event "Azerbaijan Championship 2021"]
[Site "Nakhchivan"]
[Date "2021.05.11"]
[Round "8.2"]
[White "Asadli, Vugar"]
[Black "Gadimbayli, Abdulla"]
[Result "1/2-1/2"]
[WhiteElo "2572"]
[BlackElo "2470"]
[Annotator "TA"]
[PlyCount "73"]
[EventDate "2021.05.04"]
[EventType "tourn"]
[EventCountry "AZE"]
[SourceTitle "playchess.com"]
[Source "ChessBase"]
[SourceQuality "1"]

{[%evp 18,73,8,0,45,33,34,31,36,14,16,6,16,0,0,0,16,11,14,15,5,-7,-6,-16,0,0,0,0,0,0,0,0,0,-2,0,-4,0,0,0,0,0,0,0,0,0,0,0,0,0,0,0,0,0,0,0,0,0,0]} 1. c4 b6 2. Nf3 Nf6 3. b3 Bb7 4. Bb2 e6 5. e3 c5 6. g3 Be7 7. Bg2 O-O 8. O-O d5 9. Qe2 Nc6 10. Rd1 Qd7 {A14: English Opening: 1...e6 with b3 by White.} 11. d4 cxd4 12. Nxd4 {[#]} Nxd4 $146 {White is slightly better.} ({Predecessor:} 12... Rad8 13. Nxc6 Bxc6 14. Nc3 Qb7 15. cxd5 exd5 16. Nb5 Rfe8 17. Rac1 a6 18. Nd4 Bd7 19. Rc2 Ne4 20. Rdc1 Rc8 21. Rxc8 Rxc8 22. Rxc8+ {½-½ (22) Andersson,U-Tal,M Tallinn 1973}) 13. Bxd4 Qc7 {The position is equal.} 14. cxd5 Bxd5 15. e4 Bc6 16. Nc3 e5 17. Be3 Rad8 18. Rxd8 Rxd8 19. Rd1 Rxd1+ 20. Qxd1 Qd6 (20... Bb4 {keeps more tension.} 21. Qd3 Ng4 22. Bd2 Bc5 23. Be1 Bd4) 21. f3 Qxd1+ 22. Nxd1 Bb4 23. Kf2 Kf8 24. Bf1 Nd7 25. Bc4 Ke7 26. Ke2 (26. a4 {looks sharper.} Nc5 27. Ke2 Bd7 28. Nb2 Ne6 29. Kd3) 26... Nf8 27. Bd2 Bxd2 28. Kxd2 Ne6 29. Bxe6 Kxe6 $11 {[%mdl 4096] Endgame KB-KN} 30. b4 Bb5 31. Nc3 Bc4 32. Ke3 Kd6 33. a3 Ke6 34. Kd2 Kd6 35. Ke3 Ke6 36. Kd2 Kd6 37. Ke3 {Weighted Error Value: White=0.02/Black=0.04} 1/2-1/2

[Event "Azerbaijan Championship 2021"]
[Site "Nakhchivan"]
[Date "2021.05.11"]
[Round "8.3"]
[White "Suleymanli, Aydin"]
[Black "Safarli, Eltaj"]
[Result "1/2-1/2"]
[WhiteElo "2520"]
[BlackElo "2598"]
[Annotator "ChessBase"]
[PlyCount "81"]
[EventDate "2021.05.04"]
[EventType "tourn"]
[EventCountry "AZE"]
[SourceTitle "playchess.com"]
[Source "ChessBase"]
[SourceQuality "1"]
[TimeControl "40/5400+30:1800+30"]

1. d4 {[%emt 0:00:52]} Nf6 {[%emt 0:00:00]} 2. Nf3 {[%emt 0:00:35]} e6 {[%emt 0:00:08]} 3. Bf4 {[%emt 0:02:41]} d5 {[%emt 0:01:31]} 4. e3 {[%emt 0:00:21]} Bd6 {[%emt 0:00:03]} 5. Bg3 {[%emt 0:00:12]} O-O {[%emt 0:01:20]} 6. Nbd2 {[%emt 0:00:16]} b6 {[%emt 0:03:07]} 7. Bd3 {[%emt 0:01:00]} c5 {[%emt 0:02:02]} 8. c3 {[%emt 0:00:19]} Ba6 {[%emt 0:00:18]} 9. Bxa6 {[%emt 0:06:03]} Nxa6 {[%emt 0:00:49]} 10. Ne5 {[%emt 0:01:31]} Bxe5 {[%emt 0:02:02]} 11. dxe5 {[%emt 0:00:51]} Nd7 {[%emt 0:01:50]} 12. e4 {[%emt 0:09:10]} c4 {[%emt 0:02:43]} 13. b4 {[%emt 0:17:25]} cxb3 {[%emt 0:00:48]} 14. axb3 {[%emt 0:00:13]} Nac5 {[%emt 0:01:09]} 15. exd5 {[%emt 0:05:47]} Nxe5 {[%emt 0:05:34]} 16. dxe6 {[%emt 0:03:13]} Ncd3+ {[%emt 0:10:29]} 17. Kf1 {[%emt 0:01:07]} fxe6 {[%emt 0:00:09]} 18. Qe2 {[%emt 0:00:34]} Qd5 {[%emt 0:02:51]} 19. Kg1 {[%emt 0:09:28]} Nf4 {[%emt 0:03:28]} 20. Bxf4 {[%emt 0:00:32]} Rxf4 {[%emt 0:00:02]} 21. h3 {[%emt 0:17:58]} Raf8 {[%emt 0:09:19]} 22. f3 {[%emt 0:00:34]} Qc5+ {[%emt 0:02:33]} 23. Qf2 {[%emt 0:03:00]} Qc7 {[%emt 0:14:20]} 24. Qe3 {[%emt 0:00:05]} R4f6 {[%emt 0:13:22]} 25. Kf2 {[%emt 0:12:11]} Rg6 {[%emt 0:06:24]} 26. Ne4 {[%emt 0:00:17]} Nd7 {[%emt 0:00:48]} 27. Ra2 {[%emt 0:03:10]} Nc5 {[%emt 0:01:24]} 28. Nxc5 {[%emt 0:00:20]} Qg3+ {[%emt 0:02:32]} 29. Kf1 {[%emt 0:00:36]} bxc5 {[%emt 0:00:05]} 30. h4 {[%emt 0:01:28]} Rgf6 {[%emt 0:03:26]} 31. Rf2 {[%emt 0:00:12]} Qg6 {[%emt 0:01:27]} 32. Rb2 {[%emt 0:00:33]} Rf4 {[%emt 0:02:57]} 33. Re2 {[%emt 0:01:35]} Kh8 {[%emt 0:01:32]} 34. Kf2 {[%emt 0:00:12]} Qf6 {[%emt 0:03:22]} 35. Qe5 {[%emt 0:00:32]} Rxf3+ {[%emt 0:01:51]} 36. gxf3 {[%emt 0:00:04]} Qxf3+ {[%emt 0:00:01]} 37. Kg1 {[%emt 0:00:09]} Qf1+ {[%emt 0:00:01]} 38. Kh2 {[%emt 0:00:06]} Rf2+ {[%emt 0:00:06]} 39. Rxf2 {[%emt 0:00:04]} Qxf2+ {[%emt 0:00:05]} 40. Kh3 {[%emt 0:00:00]} Qf3+ {[%emt 0:00:00]} 41. Kh2 {[%emt 0:00:10]} 1/2-1/2